| 000 | 01513cad a22002535a 4500 | ||
|---|---|---|---|
| 001 | L159524 | ||
| 008 | 080502e20080312xxk f 000 0 eng d | ||
| 035 | _a(Sirsi) u159524 | ||
| 041 | 0 | _aeng | |
| 050 | 0 | 4 | _218 |
| 110 | 2 |
_aRoyal Institution of Chartered Surveyors _94900 |
|
| 245 | 0 | 4 |
_aThe impact of sustainability on the investment environment _ba case study of Australia _h[electronic resource] |
| 260 |
_aLondon _bRICS _c2008 |
||
| 490 | 0 |
_aRICS Research Paper Series _v7(18) |
|
| 505 | 2 | _aIntroduction -- What is sustainability? -- Sustainability and risk management -- The economics of sustainability -- The impact of sustainability -- Investment environment -- Built environment -- Regulatory environment -- Outstanding industry issues -- Final remarks. | |
| 520 | _aInvestigates a number of key issues surrounding the impact of sustainability from an investment perspective, and concludes that the key challenges are to accurately price and value responsible investments and to develop strategies for managing risks and converting these into business opportunities. Consequently, there is a competitive advantage for industry players who effectively embrace responsible investments. | ||
| 521 | 2 | _aAdvanced | |
| 590 | _aKA | ||
| 651 | 4 | _aAustralia | |
| 700 | 1 | _aLevy, Deborah | |
| 700 | 1 | _aFrancesco, Anthony De | |
| 856 | 4 | 0 |
_uhttps://www.rics.org/Global/Downloads/TheImpactOfSustainabilityOnTheInvestmentEnvironment2008Sep.pdf _zView the item free of charge at www.rics.org... |
| 942 | _n0 | ||
| 999 |
_c115973 _d115973 |
||